000 01060nam a2200229Ii 4500
003 JO-AjNU
008 230605s9999||||xx |||||||||||||| ||und||
017 _a1992/9/657
040 _aJO-AjNU
_bara
_erda
_cJO-AjNU
041 _aara
050 1 4 _aHD38.15.1992
100 3 _aتحرير ومراجعه:احمد صقر عاشور؛اعداد وتعريب:احمد عبدالحليم،نادر ابو شيخة،اسماعيل السيد،ابراهيم محمود،عادل الجودة؛شارك في المراجعة:ربحي الحسن،رائدة زواتي,
_eauthor
_932873
245 0 0 _aتدريبات وانشطة في تنمية المهارات الادارية:دليل المدرب
250 _aط1
264 3 1 _aعمان:المنظمة العربية للتنمية الادارية،1992
300 _a412ص
336 _atext
_btxt
_2rdacontent
337 _aunmediated
_bn
_2rdamedia
338 _avolume
_bnc
_2rdacarrier
490 0 _aادلة التدريب الاداري
650 4 _aالادارة العامة-تدريب
_932874
999 _aA13320
_c16888
_d16888